Statistiques concernant They Shoot Pictures, Don't They? - films 781 à 800

Cliquez ici pour prendre le quiz!

Statistiques générales

  • Ce quiz a été pris 19 fois
  • Le résultat moyen est 4 sur 20

Statistiques - réponses

Réponse% Correct
La Mouche
88%
Moulin Rouge
75%
Barberousse
31%
La Charge Héroïque
25%
Titicut Follies
25%
Dodes'kaden
19%
Le Nouveau Monde
19%
Mamma Roma
19%
Gummo
13%
Les Amants Crucifiés
13%
Still Life
13%
Cœurs brûlés
6%
Duck Amuck
6%
La Rue de la honte
6%
Trouble Every Day
6%
Veronika Voss
6%
Dog Star Man
0%
Génération rebelle
0%
Le cuisinier, le voleur, sa femme et son amant
0%
Ma vie de chien
0%

Distribution des résultats

Percentile par nombre de réponses

% des personnes avec chaque résultat

Votre développement - résultats

Vous n’avez pas pris ce quiz